| 000 | 00420cam a2200169ua 4500 | ||
|---|---|---|---|
| 020 | _cRs 60.00 | ||
| 041 |
_aeng _h |
||
| 082 |
_a620 _bCON/EN |
||
| 100 | _aConway, H G . | ||
| 245 |
_aEngineering tolerances / _cH G Conway. _hTextual Documents |
||
| 260 |
_aLondon : _bSir Isaac Pitman & Sons Ltd , _c1962. |
||
| 300 | _a341 ; . | ||
| 365 | _aRs 60.00 | ||
| 504 | _a | ||
| 942 | _cBK | ||
| 999 |
_c1484 _d1484 |
||